| 000 | 00426nam a2200145Ia 4500 | ||
|---|---|---|---|
| 008 | 230312s9999||||xx |||||||||||||| ||und|| | ||
| 020 | _a81-219-0278-9 | ||
| 082 |
_a657.046 _bSHU-A |
||
| 100 | _aMC. SHUKLA | ||
| 245 | 0 | _aAdvanced Accounts | |
| 260 |
_bS CHAND & COMPANY _aNew Delhi _c1993 |
||
| 546 | _aEng. | ||
| 650 |
_aAccounting _vFundamental Principles of accounting, Final Account, Bills of Exchange |
||
| 942 | _cBK | ||
| 999 |
_c1075 _d1075 |
||